| 000 | 00947nam a2200253Ia 4500 | ||
|---|---|---|---|
| 003 | OSt | ||
| 005 | 20240530102322.0 | ||
| 007 | |||
| 008 | 140319s9999 xx 000 0 ara d | ||
| 040 |
_aGCL / _cGCL |
||
| 082 | 0 | 4 |
_a690.24 _bز ا |
| 100 | 1 | _aزكى حواس | |
| 245 | 1 | 0 |
_aامراض المبانى : _bكشفها وعلاجها والوقاية منها / _cزكى حواس |
| 250 | _aط1 | ||
| 260 |
_aالقاهرة : _bعالم الكتب الحديث ، _c1990 |
||
| 300 |
_a538 ص ؛ _c24 سم |
||
| 490 |
_aمجموعة بحوث العمليات التفيذية المعمارية _v0 |
||
| 650 | 0 | 4 | _aانهيار المبانى |
| 650 | 0 | 4 | _aالمساكن |
| 650 | 0 | 4 | _aالعمارة المنزلية |
| 650 | 0 | 4 | _aتأثير الرطوبة على وجهات المبان |
| 650 | 0 | 4 | _aالوقاية ضد الزلازل |
| 942 |
_2ddc _cBK |
||
| 999 |
_c31407 _d31407 |
||